| 000 | 00461nam a22001697a 4500 | ||
|---|---|---|---|
| 999 |
_c526634 _d526634 |
||
| 003 | NUST | ||
| 038 | _awaseem | ||
| 082 |
_a891.4911 _bSYE |
||
| 100 |
_aSyed Sharafat Noshahi _917635 |
||
| 245 |
_aGanj shareef / _cSyed Sharafat Noshahi |
||
| 260 |
_aGujjrat : _bIdara marf e noshahia, _c1980. |
||
| 300 | _a624 p. ; | ||
| 500 | _aPapercover. | ||
| 880 |
_6100-01\r _aسید شرافت نوشاہی |
||
| 880 |
_6245-02\r _aگنج شریف / |
||
| 942 |
_2ddc _cBK |
||